header

Inge : (Record no. 85)

MARC details
000 -LEADER
fixed length control field 01286cam a22003374a 4500
001 - CONTROL NUMBER
control field 13451332
003 - CONTROL NUMBER IDENTIFIER
control field OSt
005 - DATE AND TIME OF LATEST TRANSACTION
control field 20150917100832.0
008 - FIXED-LENGTH DATA ELEMENTS--GENERAL INFORMATION
fixed length control field 040107s2004 miuab 000 0aeng
010 ## - LIBRARY OF CONGRESS CONTROL NUMBER
LC control number 2004040940
020 ## - INTERNATIONAL STANDARD BOOK NUMBER
International Standard Book Number 0802826865
040 ## - CATALOGING SOURCE
Original cataloging agency DLC
Transcribing agency DLC
Modifying agency DLC
042 ## - AUTHENTICATION CODE
Authentication code pcc
043 ## - GEOGRAPHIC AREA CODE
Geographic area code e-gx---
-- e------
050 00 - LIBRARY OF CONGRESS CALL NUMBER
Classification number DS135.G5
Item number B55 2004
082 00 - DEWEY DECIMAL CLASSIFICATION NUMBER
Classification number 940.53/18/092
-- B
Edition number 22
100 1# - MAIN ENTRY--PERSONAL NAME
Personal name Bleier, Inge J.
245 10 - TITLE STATEMENT
Title Inge :
Remainder of title a girl's journey through Nazi Europe /
Statement of responsibility, etc Inge Joseph Bleier & David E. Gumpert.
246 30 - VARYING FORM OF TITLE
Title proper/short title Girl's journey through Nazi Europe
260 ## - PUBLICATION, DISTRIBUTION, ETC. (IMPRINT)
Place of publication, distribution, etc Grand Rapids, Mich. :
Name of publisher, distributor, etc William B. Eerdmans Publishing,
Date of publication, distribution, etc c2004.
300 ## - PHYSICAL DESCRIPTION
Extent xiv, 277 p. :
Other physical details ill., 1 map ;
Dimensions 24 cm.
600 10 - SUBJECT ADDED ENTRY--PERSONAL NAME
Personal name Bleier, Inge J.
General subdivision Childhood and youth.
650 #0 - SUBJECT ADDED ENTRY--TOPICAL TERM
Topical term or geographic name as entry element Jewish children
Geographic subdivision Germany
-- Darmstadt
Form subdivision Biography.
Topical term or geographic name as entry element Jewish teenagers
Geographic subdivision Europe
Form subdivision Biography.
Topical term or geographic name as entry element Holocaust, Jewish (1939-1945)
Geographic subdivision Europe
Form subdivision Personal narratives.
651 #0 - SUBJECT ADDED ENTRY--GEOGRAPHIC NAME
Geographic name Darmstadt (Germany)
Form subdivision Biography.
700 1# - ADDED ENTRY--PERSONAL NAME
Personal name Gumpert, David E.
906 ## - LOCAL DATA ELEMENT F, LDF (RLIN)
a 7
b cbc
c orignew
d 1
e ocip
f 20
g y-gencatlg
942 ## - ADDED ENTRY ELEMENTS (KOHA)
Source of classification or shelving scheme Library of Congress Classification
Koha item type Long Loan Books
Holdings
Withdrawn status Lost status Source of classification or shelving scheme Damaged status Not for loan Collection code Home library Current library Shelving location Date acquired Total Checkouts Full call number Barcode Date last seen Price effective from Koha item type
    Library of Congress Classification     Non-fiction Rongo University Library Rongo University Library General Stacks 17/09/2015   DS135.G5 B55 2004 20155340 17/09/2015 17/09/2015 Long Loan Books

© 2026 Rongo University
Contact us: librarian | system librarian | Rongo university